000 00630nam a2200229Ia 4500
003 OSt
005 20221007080948.0
006 a|||||r|||| 00| 0
007 ta
008 221006b |||||||| |||| 00| 0 eng d
024 _a13,361
037 _cTextual
040 _aFLL
_cFLL
_beng
041 _2eng
_aeng
082 _aV73:255:N7, K9
100 _aBrown Harold Au.
_9695999
245 0 _aFranchising trap for the trusting
260 _aNew York
_bLittle Brown and comp. U.S.A.
_c1969
300 _aviii,175p
_ccm.
942 _hV73:255:N7, K9
_cTEXL
_2CC
999 _c1161508
_d1161508